000 00671nam a2200289Ia 4500
005 20260324145116.0
008 008 260324s9999 xx 000 0 eng d
020 _a9781315802459
037 _aEBOOK
040 _aCRL
040 _beng
040 _cCRL
041 _2eng
041 _aeng
084 _qCRL
100 _aJ. M. Mandler
_91221778
245 0 _aStories, Scripts, and Scenes
245 0 _bAspects of Schema Theory
260 _bTaylor and Francis
260 _c1984
365 _a
365 _b230
856 _uhttp://www.taylorfrancis.com/books/9781315802459
942 _cEBOOK
999 _c1829243
_d1829243